Teológ, literát a kronikár František Kubovec

Bibliographic Details
Main Author: Tatár, Jozef, 1954- (Author)
Format: Article
Language:Slovak
ISSN:0862-8823
Subjects:

MARC

LEADER 00000nab a2200000 a 4500
001 vtls000820225
003 SK-MaSNL
005 20260302152059.0
008 180205c xo 0 slo
015 |a SNBRB2003/01-00045 
035 |a CLN000171880 
040 |a SNKBUCL  |b slo  |c SNKBUCL  |e AACR2 
041 0 |a slo 
044 |a xo  |c SK 
080 |a 2-051  |2 UDC-MRF-SK2 
080 |a 940.2"18"  |2 UDC-MRF-SK2 
080 |a 930.85  |2 UDC-MRF-SK2 
080 |a 929 Kubovič, František  |2 UDC-MRF-SK2 
100 1 |a Tatár, Jozef,  |d 1954-  |4 aut  |9 86031 
245 1 0 |a Teológ, literát a kronikár František Kubovec  |c Jozef Tatár 
600 1 7 |a Kubovič, František  |d 1807-1852  |2 snkbucl  |9 708864 
655 7 |a články z novín a časopisov  |2 snkbucl  |9 267496 
773 0 |x 0862-8823  |t Slovenské národné noviny  |g Roč. 13 (17), č. 25-26 (2002), s. 8 
850 |a Slovenská národná knižnica v Martine 
852 |a SNK  |b KIS3GCP 
958 |a RBX 
999 |c 1361702  |d 1363632